00274nam a2200109 a 4500008004100000100001900041245001600060260003800076041000800114044001100122520003100133090930s1980|||| d1 aArseniev, V.K.10aDersu Uzala bMladé letáaBratislava c1980 aslo axocSK aLit. pre deti nad 11 rokov